Truyện đọc lớp 3 Truyện đọc bổ trợ phân môn kể chuyện ở tiểu học

Сохранить в:
Библиографические подробности
Другие авторы: Lê Hữu Tỉnh (tuyển chọn, giới thiệu), Trần Mạnh Hưởng (tuyển chọn, giới thiệu)
Формат:
Язык:Vietnamese
Опубликовано: H. Giáo dục 2004
Предметы:
Метки: Добавить метку
Нет меток, Требуется 1-ая метка записи!
Thư viện lưu trữ: Trung tâm Học liệu Lê Vũ Hùng, Trường Đại học Đồng Tháp
LEADER 00940pam a22002418a 4500
001 00026031
008 110812s2004 ||||||viesd
005 20171026081025.0
020 |c 13500 
041 0 # |a vie 
082 1 4 |a 372.67  |b TR527Đ 
245 0 0 |a Truyện đọc lớp 3  |b Truyện đọc bổ trợ phân môn kể chuyện ở tiểu học  |c Tuyển chọn, giới thiệu: Trần Mạnh Hưởng, Lê Hữu Tỉnh 
260 # # |a H.  |b Giáo dục  |c 2004 
300 # # |a 124 tr.  |c 24 cm, 
650 # 4 |a Lớp 3 
650 # 4 |a Truyện kể 
650 # 4 |a Sách giáo khoa 
700 1 # |a Lê Hữu Tỉnh  |e tuyển chọn, giới thiệu 
700 1 # |a Trần Mạnh Hưởng  |e tuyển chọn, giới thiệu 
852 # # |j KD.0010840 
852 # # |b Kho đọc  |j KD.0010840 
910 |d 12/08/2011 
980 # # |a Trung tâm Học liệu Lê Vũ Hùng, Trường Đại học Đồng Tháp